| 000 | 02082 a2200289 4500 | ||
|---|---|---|---|
| 003 | NALT | ||
| 005 | 20251008151022.0 | ||
| 008 | 190802b th ||||| |||| 00| 0 tha d | ||
| 020 | _a9789742358280 | ||
| 040 | _aNALT | ||
| 041 | 0 | _athaeng | |
| 050 |
_aTR 647.S5 _bท622ถ 2552 |
||
| 100 | 0 |
_aเทพรัตนราชสุดาฯ สยามบรมราชกุมารี, _cสมเด็จพระ, _d2498- _911456 |
|
| 245 | 1 | 0 |
_aถ้าเดินเรื่อยไปย่อมถึงปลายทาง : ภาพถ่ายฝีพระหัตถ์ สมเด็จพระเทพรัตนราชสุดาฯ สยามบรมราชกุมารี 2551-2552 = _bDestinations : Photographs by H.R.H. Princess Maha Chakri Sirindhorn of Thailand 2008-2009 / _cสมเด็จพระเทพรัตนราชสุดาฯ สยามบรมราชกุมารี ; จัดทำโดย นิติกร กรัยวิเชียร ... [และคนอื่น ๆ]. |
| 246 | 3 | 1 |
_aDestinations : _bPhotographs by H.R.H. Princess Maha Chakri Sirindhorn of Thailand 2008-2009. |
| 260 |
_aกรุงเทพฯ : _bไซเบอร์พริ้นท์ จำกัด, _c2552. |
||
| 300 |
_a201 หน้า : _bภาพประกอบ ; _c23 ซม. |
||
| 600 | 0 | 4 |
_aเทพรัตนราชสุดาฯ สยามบรมราชกุมารี, _cสมเด็จพระ, _d2498- _xภาพถ่าย _922017 |
| 600 | 0 | 4 |
_aเทพรัตนราชสุดาเจ้าฟ้ามหาจักรีสิรินธร, _cกรมสมเด็จพระ, _d2498- _xภาพถ่าย _963325 |
| 600 | 0 | 4 |
_aSirindhorn, _cH.R.H. Princess Maha Chakri, _d1955- _927642 |
| 650 | 4 |
_914690 _aภาพถ่าย |
|
| 653 | 4 | _aภาพถ่ายฝีพระหัตถ์ | |
| 700 | 0 |
_aนิติกร กรัยวิเชียร. _922016 |
|
| 850 | _aNALT | ||
| 942 |
_2lcc _cGB |
||
| 999 |
_c100354 _d100354 |
||
| 998 |
_j1020 _k นางจำเรียง ระวังสำโรง |
||